| 000 | 01144nam a2200349 c 4500 | ||
|---|---|---|---|
| 001 | 19108 | ||
| 003 | ES-MaCES | ||
| 005 | 20240130100912.0 | ||
| 008 | 060724s2005 sp d t 000 | spa d | ||
| 035 | _aCES20060009357m | ||
| 040 |
_aES-MaCES _bspa _cES-MaCES |
||
| 245 | 0 | 0 |
_aImpacto de la deslocalización sobre el empleo en el sector de las TIC en España _b: [Programa FSE-EOI] |
| 260 |
_a[Madrid] _bEOI _c2005 |
||
| 300 |
_a216 h. _bgráf. _c30 cm |
||
| 504 | _aBibliografía: p. 208-216 | ||
| 541 | _cGratuito | ||
| 650 | 4 |
_atecnología de la información _930104 |
|
| 650 | 4 |
_areubicación de industrias _927641 |
|
| 650 | 4 |
_acapital humano _929498 |
|
| 650 | 4 |
_aempleo _928299 |
|
| 650 | 4 |
_aglobalización económica _930653 |
|
| 650 | 4 |
_acompetitividad _928270 |
|
| 650 | 4 |
_aconsecuencias económicas _927082 |
|
| 650 | 4 |
_aEspaña _926964 |
|
| 650 | 4 |
_928178 _aempresa |
|
| 650 | 4 |
_930601 _aestrategia empresarial |
|
| 653 | 1 | 0 | _aTransporte-Comunicaciones |
| 710 | 2 |
_aEscuela de Organización Industrial _eed. _92702 |
|
| 902 | _aLIB Libro | ||
| 942 |
_2CES _cBK _h5.2. |
||
| 999 |
_c19108 _d19108 |
||